Flaggen Amerika - random - Statistiken

Allgemein
  • Dieses Quiz wurde 808 mal gespielt
  • Das Durchschnittsergebnis liegt bei 25 aus 35
Antwortstatistiken
Bildquiz Antwort % Korrekt
Brasilien
96%
Kanada
96%
Argentinien
94%
Mexiko
94%
Vereinigte Staaten
94%
Jamaika
93%
Uruguay
89%
Chile
87%
Kolumbien
87%
Peru
86%
Venezuela
85%
Panama
82%
Ecuador
81%
Costa Rica
77%
Kuba
76%
Barbados
75%
Honduras
73%
Dominikanische Republik
72%
Bahamas
66%
Paraguay
66%
Nicaragua
64%
Bolivien
63%
El Salvador
63%
Guatemala
63%
Haiti
63%
St. Lucia
63%
Trinidad und Tobago
61%
Belize
58%
Suriname
58%
St. Vincent und die Grenadinen
55%
Antigua und Barbuda
54%
Dominica
54%
Guyana
52%
Grenada
50%
St. Kitts und Nevis
47%
Keine übereinstimmenden Quizze gefunden
Verteilung der Resultate
Anzahl Personen mit jedem Resultat
Perzentil nach korrekt beantworteten Fragen
Ihre Resultats-Entwicklung
Sie haben dieses Quiz noch nicht gespielt